000 00835cab a2200253 4500
001 ABS59778
008 090401t1998 xxu||||| |||| 00| 0 eng d
035 _a(Sirsi) u90405
041 _aeng
100 _aPowell, K.
245 _aMusical box
260 _c1998
350 _a0
490 _aArchitects` Journal
_v208(22) 17 December 1998, 29-38(9)
520 _aBuilding study of the new venue for the City of Birmingham Symphony Orchestra. Includes plans and illustrations of working details as well as a cost analysis and summary.
650 _aASSOCIATED ARCHITECTS`
650 _aAUDITORIA
650 _aBUILT ENVIRONMENT-BUILDING COSTS
650 _aCITY OF BIRMINGHAM SYMPHONY ORCHESTRA CENTRE
650 _aCOST ANALYSIS
690 _aBUILDING AND CONSTRUCTION-PROJECTS
942 _n0
948 _c21/12/1998
999 _c57315
_d57315